|
|
|
|
| LEADER |
01453nam a2200385 i 4500 |
| 001 |
EBC1532023 |
| 003 |
MiAaPQ |
| 005 |
20200520144314.0 |
| 006 |
m o d | |
| 007 |
cr cnu|||||||| |
| 008 |
111102s2013 enka o 001 0 eng d |
| 020 |
|
|
|z 9781783280377
|
| 020 |
|
|
|a 9781783280384
|q (electronic bk.)
|
| 035 |
|
|
|a (MiAaPQ)EBC1532023
|
| 035 |
|
|
|a (Au-PeEL)EBL1532023
|
| 035 |
|
|
|a (CaPaEBR)ebr10794282
|
| 035 |
|
|
|a (CaONFJC)MIL538300
|
| 035 |
|
|
|a (OCoLC)862379071
|
| 040 |
|
|
|a MiAaPQ
|b eng
|e rda
|e pn
|c MiAaPQ
|d MiAaPQ
|
| 050 |
|
4 |
|a HF5548.323.O64
|b N47 2013
|
| 100 |
1 |
|
|a Nepali, Rupak.
|
| 245 |
1 |
0 |
|a Getting started with OpenCart module development /
|c Rupak Nepali.
|
| 264 |
|
1 |
|a Birmingham :
|b Packt Publishing,
|c 2013.
|
| 300 |
|
|
|a 1 online resource (112 pages) :
|b illustrations
|
| 336 |
|
|
|a text
|2 rdacontent
|
| 337 |
|
|
|a computer
|2 rdamedia
|
| 338 |
|
|
|a online resource
|2 rdacarrier
|
| 500 |
|
|
|a Includes index.
|
| 588 |
|
|
|a Description based on online resource; title from PDF title page (ebrary, viewed December 2, 2013).
|
| 590 |
|
|
|a Electronic reproduction. Ann Arbor, MI : ProQuest, 2015. Available via World Wide Web. Access may be limited to ProQuest affiliated libraries.
|
| 650 |
|
0 |
|a Electronic commerce.
|
| 650 |
|
0 |
|a Open source software.
|
| 655 |
|
4 |
|a Electronic books.
|
| 797 |
2 |
|
|a ProQuest (Firm)
|
| 856 |
4 |
0 |
|u https://ebookcentral.proquest.com/lib/matrademy/detail.action?docID=1532023
|z Click to View
|